Oiseaux A-Z - Statistiques

Statistiques générales
  • Ce quiz a été pris 845 fois
  • Le résultat moyen est 14 sur 25
Statistiques - réponses
Lettre Oiseaux % Correct
A acanthize | accenteur | achétopse | actinodure | ada | agami | agrobate | aigle | aigrette | akalat | akikiki | alapi | alauahlo | albatros | alcippe | alecto | allotrie | alouette | alèthe | amakihi | amandine | amarante | amazone | amblyospize | ammomane | amphilaïs | amytis | anabassite | anabate | anaplecte | androphobe | anhinga | ani | annumbi | anomalospize | anserelle | antriade | apalis | ara | arachnotère | araguira | araponga | araçari | argus | ariane | arlequin | arrenga | artlamie | astriid | astriid-caille | atrichorne | attagis | attila | aulia | auripare | autour | autruche | avocette
98%
C cabézon | cacatoès | cacholote | caille | calandrite | calao | calicalic | calliste | calobate | calopsitte | cama | camaroptère | campyloptère | canard | canaroïe | capucin | caracara | cardinal | cariama | carilloneur | carnifex | carouge | carpophage | casiorne | casoar | cassenoix | cassican | cassique | catamènie | caurale | caïque | chardonneret | charitospize | chevalier | chevêche | chevêchette | chilia | chionis | chipiu | chlamydochère | chloropète | chlorospin | chocard | choucador | choucas | chouette | chouette-pêcheuse | chétopse | cichladure | cici | cigogne | cincle | cinclode | cinclosome | cipaye | circaète | cisticole | cnémophile | cochevis | cochoa | colibri | colin | coliou | colombar | colombe | colombine | combassou | combattant | commandeur | condor | corinostre | conopophage | conure | coq | coq-de-roche | coquette | coracine | corbeau | corbin | cordon-noir | cordonbleu | cormoran | corneille | corvinelle | coryphaspize | corythopis | coscoroba | cossyphe | cotinga | coua | coucal | coucou | coulicou | courlan | courlis | courol | courvite | couturière | crabier | cratérope | crave | crick | crombec | créadion | cubla | cutie | cygne | céréopse
97%
H habla | haplospize | harelde kakawi | harfang | harle | harpie | haut-de-chausses | hibou | hihi | hirondelle | histurgopse | hoazin | hocco | hokki | horizorin | huppe | huîtrier | hylia | hymenolaime | hypocolius | hypolaïs | hypositte | héliange | hémignathe | hémiprocné | héron | hétéronette
91%
M macagua | macareux | macreuse | mahall | mainate | malcoha | malimbe | manakin | manchot | mandarin | mango | marabout | marmonette | marouette | martin | martin-chasseur | martin-pêcheur | martinet | maubèche | marganette | mergule | merle | merlebleu | messager | microbate | microgoura | micropsitte | microtyran | mignard | milan | minivet | minla | mino | miro | modulatrice | moho | mohoua | moineau | moinelette | moisson | monarque | monticole | moqueur | motmot | moucherolle | mouette | moupinie | myrmidon | mystacorne | myzomèle | myzorne | mégalure | mégapode | mégasittine | mélampitte | mélanodère | méliphage | mélocichle | ménure | mérion | mérulaxe | mésange | mésangeai | mésangette | mésite | métallure
89%
P pachycare | padda | palette | palicour | palmiste | palmérie | panure | paon | papageai | paradisier | paradoxornis | paramythie | pardalote | pardusco | parisome | parmoptile | paroare | parophasme | paruline | passerin | peltopse | percefleur | perdicule | perdrix | perroquet | perruche | petit-duc | phalarope | phapitéron | phasianelle | phaéton | philentome | philépitte | phodile | phragmite | phrygile | phyllanthe | phyllolaïs | phénoptyle | phénopèple | piapiac africain | piauhau | piave | pic | picatharte | picchion | picerthie | picotelle | picumne | pie | pie-bleue | pie-grièche | pigeon | pingouin | pinson | pintade | pione | pioui | pipit | piprit | pipromorphe | pique-orange | piquebale | piquebœuf | piranga | pirolle | pitajo | pitohui | platyrhynque | plectophrane | plongeon | pluniavelle | pluvian | pluvier | plézorhin | po-o-ull | podoce | poliolaïs | polochion | pomathorin | pomatostone | porphyrin | porte-lance | porte-traines | porte-éventail | pouillot | poulette | prinla | prion | pririt | promérops | pseudoalcippe | pseudobrève | pseudolangrayen | pseudominla | pseudonestor | pseudosittine | pseudotraquet | psittacule | psittirostre | psittrichas | psophode | ptilogon | ptilope | ptilorrhoa | puffin | puffinure | pycnoptile compagnon | pygargue | pyrrhoplecte | pyréneste | pèrenoir | pélican | pénélope | pépoaza | pétrel
89%
F faisan | falconelle | falculie | faucon | fauconnet | fauvette | fauvine | flamant | fou | foudi | fouditany | foulque | founingo | fourmilier | fournier | francolin | frégate | fuligule | fulmar | fulvetta
84%
G gallicolombe | gallinule | galloperdrix | gampsorin | ganga | garrot | garrulaxe | gaucho | geai | gladiateur | glaréole | glaucope | gobemouche | gobemoucheron | godale | goglu | gonolek | gorfou | gorgebleue | goulin gris | goura | goéland | grallaire | gralline | graminicole | grand-duc | grand-verdier | grandala bleu | grauérie | grimpar | grimpereau | grimpeur | grisin | grive | gros-bec | grue | grèbe | grèbifoulque | guacharo | guifette | guillemot | guira cantara | guit-guit | gulraca | guêpier | gygis | gymnogène | gypaète | gélinotte | géocoucou | géopélie | géositte | géospize | gérygone
84%
B babaxe | bagadais | balbuzard | bambusicole | barbacou | barbican | barbion | barbu | barge | barite | basilorne | batara | bateleur | bathmocergue | baza | beaumarguet | bec-croisé | bec-d'Ibis | bec-en-arc | bec-en-cheville | bec-en-ciseaux | bec-en-faucille | bec-en-sabot | bec-ouvert | becbleu | bengali | bergeronette | bernache | bias | bihoreau | blongios | bondrée | bouscarle | bouvreuil | brachycope | brachyptère | brachyptérolle | bradybate | brassemer | brillant | bruant | brubru | bruselin | brève | bucorve | bulbul | busard | busautour | buse | butor | bécarde | bécasse | bécasseau | bécassin | bécassine
82%
E échasse | échelet | échenilleur | effraie | égothèle | eider | élanion | électus | elminie | élénie | embernagre | émeraude | émeu | éminie | engoulevent | énicure | énode | éperonnier | épervier | epithianure | erione | erismature | ermite | eroesse | erponis | erythrocerque | érémonèle | esclave | étourneau | eulophe koklass | euplecte | eupête | eurocéphale | eurycère | eurylaime | évêque
75%
R randie | rara | rhabdornis | rhipidure | rhopophile | rhynchée | rochassier | roitelet | rolle | rollier | roselin | rossignol | rouge-gorge | rouge-queue | rouloul | rousserole | rowettie | rufipenne | râle | rémiz | républicain | réveilleur
71%
D dacnis | dramier | dasyorne | dendrocygne | diamant | dickcissel | dicée | diduncule | dindon | diuca | donacospize | doradite | dormillon | dos-vert | drome | dromoïque | droméocergue | drongo | dronte | dryade | drymode | duc | durbec
64%
V vacher | vanga | vanneau | vautour | venturon | verdier | verdin | veuve | viréo | viréon
62%
T tacco | tadorne | talève | talégalle | tamatia | tangara | tantale | tardivore | tarier | tarin | taurillon | tchagra | tchitrec | tersine | thinocore | timalle | tinamou | tisserin | tityre | tocro | todier | todirostre | tohl | torcol | torguéole | torrentaire | toucan | toucanet | toui | touraco | tourco | tourlette | tournepierre | tourte | tourterelle | toxoramphe | tragopan | traquet | travailleur | trembleur | trichordrome | troglodyte | trogon | trugon | turnidule | turnix | tyran | tyranneau | témia | téphrodorne | tésie | tétraogalle | tétraophase | tétras | tétéma | tête-de-feu | tête-de-peluche
59%
I ibijau | ibis | idiospar | ifrita | iiwi | inca | indicateur | inséparable | iora | iranie | irrisor | irène | ithagine
56%
K kagou | kakameg | kamichi | katié | kiwi | konichon | kétoupa
54%
S salangane | saltator | saltraticule | sapayoa | saphir | sarcelle | sarcidiorne | sarcoramphe | savacou | schetbé | scissirostre | sclérure | sentinelle | serin | serpentaire | shama | sibla | sicale | siffleur | sirli | sittelle | sittine | siva | sizerin | smaragdan | solitaire | soulmanga | sourciroux | spatule | sphécothère | sphénoèque | spizin | sporophile | sporopipe | spréo | starique | sterne | stictonette | stizhorhin | stourne | streptocitte | strigops kakapo | sturnelle | sucrier | sylphe | syrrhapte | sénégali | séricorne
51%
O œdicnème | océanite | oie | oie-armée | ombrette | onoré | ophrysie | organiste | origma des rochers | oriole | oriolie | ortalide | orthonyx | oréochare | oréophase | otidiphaps | ouette | outarde | oxylabe | oxyrhynque
45%
Q quatre-yeux | quetzal | queue-de-gaze | queue-grise | quiscale | quéo
39%
L labbe | lagopède | langrayen | lanielle | largebec | lerva | lessonie | linotte | linurge | lioptile | locustelle | loddigésie | long-bec | lophophore | lophospingue | lori | loriot | loriquet | loxopse | lusciniole | léipoa | lélothrix
38%
U upucerthie | urotangara | urubu
32%
N namiorne | nandou | nasique | nestor | nette | newtonie | nicobar | nigrette | ninoxe | niverolle | noddi | noircap | notodèle | notodère | nukupuu | nyctale | nymphée | néocossyphe | néositte | néospize | nésille | nésospize
29%
J jabiru | jacamar | jacana | jacarini | jardinier | jaseur | junco
23%
Z zostérops | zéna
6%
X xénique | xénodacnis | xénopingue
4%
Y yuhina
2%
Aucun quiz correspondant
Distribution des résultats
% des personnes avec chaque résultat
Percentile par nombre de réponses
Votre historique - résultats
Vous n’avez pas pris ce quiz